ARRUPE JESUIT UNIVERSITY

CORONAVIRUS -STOP THE SPREAD - CLEAN,DISINFECT,COVER

The origin and evolution of the priesthood; (Record no. 126020)

MARC details
000 -LEADER
fixed length control field 00836cam a2200265 4500
001 - CONTROL NUMBER
control field 309600
003 - CONTROL NUMBER IDENTIFIER
control field ARRUPE
005 - DATE AND TIME OF LATEST TRANSACTION
control field 20170127152150.0
008 - FIXED-LENGTH DATA ELEMENTS--GENERAL INFORMATION
fixed length control field 700521s1970 nyu b 001 0 eng
010 ## - LIBRARY OF CONGRESS CONTROL NUMBER
LC control number 73110588
020 ## - INTERNATIONAL STANDARD BOOK NUMBER
International Standard Book Number 0818901667
040 ## - CATALOGING SOURCE
Original cataloging agency DLC
Transcribing agency DLC
Modifying agency DLC
050 00 - LIBRARY OF CONGRESS CALL NUMBER
Classification number BX1912.M63
082 00 - DEWEY DECIMAL CLASSIFICATION NUMBER
Classification number 262/.1
300 ## - PHYSICAL DESCRIPTION
Dimensions 22 cm.
100 1# - MAIN ENTRY--PERSONAL NAME
Personal name Mohler, James A.
9 (RLIN) 28497
245 14 - TITLE STATEMENT
Title The origin and evolution of the priesthood;
Remainder of title a return to the sources
Statement of responsibility, etc [by] James A. Mohler.
260 ## - PUBLICATION, DISTRIBUTION, ETC. (IMPRINT)
Place of publication, distribution, etc Staten Island, N.Y.,
Name of publisher, distributor, etc Alba House
Date of publication, distribution, etc [1970]
300 ## - PHYSICAL DESCRIPTION
Extent xv, 137 p.
350 ## - PRICE (NR) (BK AM CF MU VM SE) [OBSOLETE]
Price 3.95
504 ## - BIBLIOGRAPHY, ETC. NOTE
Bibliography, etc Bibliography: p. [125]-130.
650 #0 - SUBJECT ADDED ENTRY--TOPICAL TERM
Topical term or geographic name as entry element Church polity
General subdivision History
Chronological subdivision Early church, ca. 30-600.
9 (RLIN) 27173
650 #0 - SUBJECT ADDED ENTRY--TOPICAL TERM
Topical term or geographic name as entry element Priesthood
General subdivision History of doctrines.
9 (RLIN) 28498
906 ## - LOCAL DATA ELEMENT F, LDF (RLIN)
a 7
b cbc
c orignew
d u
e ncip
f 19
g y-gencatlg
942 ## - ADDED ENTRY ELEMENTS (KOHA)
Source of classification or shelving scheme Library of Congress Classification
Koha item type Monograph ( Printed materials)
Holdings
Withdrawn status Lost status Source of classification or shelving scheme Damaged status Not for loan Collection code Home library Current library Shelving location Date acquired Total Checkouts Full call number Barcode Date last seen Price effective from Koha item type
    Library of Congress Classification     Main Collection ARRUPE LIBRARY ARRUPE LIBRARY Main Collection 27/01/2017   BX1912.M63 46500022947 22/11/2017 27/01/2017 Monograph ( Printed materials)

 

Arrupe Library. PO Box MP320 Mt Pleasant, Harare, Zimbabwe
263 242 745411|librarian@aju.ac.zw